000 00298nam a2200133 i 4500
001 bg
100 1 _aNOLASCO, R.
245 0 _aWriting: upper-intermediate /
_cR. Nalasco.
260 _aOxford,
_c1990.
040 _cBPK
041 _apol
942 _cKS
008 s pl f |000 0 pol
999 _c4511
_d4511
856 _uhttp://koha.tu.koszalin.pl/cgi-bin/koha/opac-detail.pl?biblionumber=4511
_yKatalog online BPK